000 00378 a2200145 4500
005 20250627125830.0
020 _a978-0-07-313751-3
100 _aFIELD,Barry C
245 _aEnvironmental Economics
250 _a4th Ed.
260 _aBoston
_bMcGraw-Hill Irwin
_c2006
300 _axxi,503p.;picture,tables
_bAppendix,Index
_c23cm.
700 _aMartha,K Field
942 _2ddc
_cBKS
999 _c5637
_d5637